000 00580nam a2200181 i 4500
001 69607
003 ES-MaACL
005 20230906170547.0
007 t|
008 040708s1968 sp ||||1| spa d
100 1 _aGarcía Faure, Rafael.
_954587
245 1 3 _aLa calidad tecnológica de los trigos cultivados en España /
_cpor Rafael García Faure.
260 _aMadrid :
_bGrupo Nacional Harinero,
_c1968.
300 _a108 p. :
_bgráf. ;
_c24 cm.
650 4 _aTrigo-
_zEspaña.
_9155449
710 2 _aGrupo Nacional Harinero.
_94532
852 _aES-MaACL
_jC-34354
_bR.65281
999 _c69607
_d69607